|
|
|
|
| LEADER |
00000nab a2200000 a 4500 |
| 001 |
vtls000651260 |
| 003 |
SK-MaSNL |
| 005 |
20260304091729.0 |
| 008 |
250425c1998 xo 0 slo |
| 015 |
|
|
|a SNBRB1998/02-05846
|
| 035 |
|
|
|a CLN000003454
|
| 035 |
|
|
|a urn:nbn:sk:snk-abaiwn
|
| 035 |
|
|
|a (urnnbn)urn:nbn:sk:snk:ar-008nwr
|
| 035 |
|
|
|a (uuid)dafc7ad4-48d2-4531-a13c-d62be551aded
|
| 040 |
|
|
|a SNKBUCL
|b slo
|c SNKBUCL
|e AACR2
|
| 041 |
0 |
|
|a slo
|
| 044 |
|
|
|a xo
|c SK
|
| 080 |
|
|
|a 82.0:82-1/-9
|2 1997
|
| 100 |
1 |
|
|a Bartko, Michal,
|d 1923-2008
|4 aut
|9 131593
|
| 245 |
1 |
0 |
|a Utrpenie z románu
|c Michal Bartko
|
| 300 |
|
|
|b Fotogr.
|
| 600 |
1 |
7 |
|a Albéres, René Marill,
|d 1921-1982
|t Premeny románu
|2 snkbucl
|9 1384492
|
| 655 |
|
7 |
|a články z novín a časopisov
|2 snkbucl
|2 snkbucl
|9 267496
|
| 773 |
0 |
|
|t Literárny týždenník
|g Roč. 11, č. 9 (1998), s. 11
|x 0862-5999
|
| 850 |
|
|
|a Slovenská národná knižnica
|
| 852 |
|
|
|a Slovenská národná knižnica
|
| 954 |
|
|
|a odborná, vedecká literatúra pôvodná (slovenská)
|2 lita
|
| 958 |
|
|
|a article14
|
| 958 |
|
|
|a OND
|
| 958 |
|
|
|a LX
|
| 958 |
|
|
|a FR
|
| 958 |
|
|
|a EUIPO
|
| 992 |
|
|
|a RBX
|
| 999 |
|
|
|c 2816621
|d 2818551
|